000 00425nam a2200145 a 4500
001 000033314
005 20240308073621.0
008 110823s1937 mx 000 0 spa d
040 _aDO-SdBNP
_bspa
_cBNPHU
082 _axxx
_bC422c
100 1 _aCestero, Tulio M.,
_q(Tulio Manuel),
_d1877-1955
_91698
245 1 0 _aCesar Borgia /
_cTulio M. Cestero.
260 _aMexico :
_bEdiciones Botas,
_c1937.
300 _a257 p. ;
_c19 cm.
999 _c32805
_d32805